000 00625nam a2200193 i 4500
001 72972
003 ES-MaACL
005 20230906171625.0
007 t|
008 040906s1961 sp a |||| | spa d
100 1 _aGoldeck, Hans.
_957651
245 1 0 _aManual de diagnóstico diferencial /
_cpor Hans Goldeck ; versión española de A. Moragas Redecilla y M. Foz.
260 _aBarcelona :
_bToray,
_c1961.
300 _aVIII, 161 p. :
_bil. ;
_c19 cm.
650 0 4 _aDiagnóstico diferencial.
_911852
700 1 _aMoragas Redecilla, Augusto.
_982919
700 1 _aFoz, M. (
_d1929-)
_9147005
852 _aES-MaACL
_jC-20407
999 _c72972
_d72972